| 000 | 00765nmc a2200277 a 4500 | ||
|---|---|---|---|
| 003 | AR-BaBNM | ||
| 005 | 20251128204208.0 | ||
| 008 | 245019s1993 ||||||||||||||000 | spa|| | ||
| 020 | _a950-852-008-6 | ||
| 040 | _cAR-BaBNM | ||
| 100 | 1 | _aCalderón de la Barca, Pedro | |
| 245 | 1 | 0 | _aLa vida es sueño |
| 260 |
_aBuenos Aires _bEspasa-Calpe _c1993 |
||
| 300 | 0 | _a169 p. | |
| 490 | 0 | _aAustral. Biblioteca de literatura hispanoamericana | |
| 500 | 0 | _aEdición de Evangelina Rodríguez Cuadros | |
| 650 | 4 | _aTEATRO ESPANOL | |
| 650 | 4 | _aLITERATURA ESPANOLA | |
| 650 | 4 | _aDRAMA | |
| 653 | 0 | _aBARROCO | |
| 653 | 0 | _aSIGLO DE ORO ESPANOL | |
| 655 | _aLITERATURA | ||
| 700 | 1 |
_aRodriguez Cuadros, Evangelina _eprologuista |
|
| 942 | _cBK | ||
| 998 | _cCarmen | ||
| 999 |
_c6558 _d6558 |
||